000 00520nam a2200181Ia 4500
008 090123s9999 xx 000 0 und d
082 _b40590
100 _aदेवधर स्मिता
245 _aजागृती
250 _a1
260 _bविभासा पुस्तक महाल
_c2006
300 _a192
600 _aदेवधर स्मिता
630 _aजागृती
700 _aदेवधर स्मिता
730 _aजागृती
942 _cBOOK
999 _c78664
_d78664